[Event "Challenge"]
[Site "http://www.queenalice.com/game.php?id=1852393"]
[Date "2025.2.18"]
[Round "-"]
[White "marcomasa"]
[Black "maurice916"]
[Result "1-0"]
[WhiteElo "2081"]
[BlackElo "1954"]

1. e4 c6 2. Bc4 d5 3. exd5 cxd5 4. Bb3 Nf6 5. h3 Nc6 6. Nf3 e5 7. d3 Be6 8. Bg5
Be7 9. Bh4 h6 10. Bg3 Bd6 11. Nbd2 Qc7 12. Qe2 O-O-O 13. O-O e4 14. dxe4 Bxg3
15. fxg3 Qxg3 16. e5 Nd7 17. Rf2 Qg6 18. Nh4 Qg5 19. Ndf3 Qe7 20. g4 Kb8 21. a3
Qc5 22. Ba2 Qb6 23. b4 Nd4 24. Qd3 Nxf3+ 25. Nxf3 Rc8 26. Nd4 Nxe5 27. Qe3 Nc4
28. Bxc4 Rxc4 29. c3 Rhc8 30. Qe5+ Ka8 31. Qxg7 Rxc3 32. b5 Rxh3 33. a4 Rd3 34.
Rf4 a6 35. a5 Qd6 36. Nxe6 fxe6 37. bxa6 bxa6 38. Rb1 Qc6 39. Rf7 Qc5+ 40. Kf1
Rd1+ 41. Rxd1 Qb5+ 42. Kg1 Qc5+ 43. Kh1 d4 44. Qxd4 Qc6+ 45. Kg1 Rc7 46. Rf8+
Rc8 47. Rxc8+ Qxc8 48. Qb6 1-0

[Event "Challenge"]
[Site "http://www.queenalice.com/game.php?id=1852395"]
[Date "2025.2.18"]
[Round "-"]
[White "Danado"]
[Black "marcomasa"]
[Result "0-1"]
[WhiteElo "1647"]
[BlackElo "2077"]

1. Nc3 e5 2. Nf3 Nc6 3. e3 Bc5 4. a3 Nf6 5. h3 h6 6. Bc4 d6 7. Bb5 Bd7 8. Bxc6
Bxc6 9. d4 exd4 10. exd4 Bb6 11. Qe2+ Kf8 12. O-O Qd7 13. Bf4 g5 14. Bd2 Re8 15.
Qd3 Ke7 16. d5 g4 17. Rae1+ Kd8 18. Rxe8+ Rxe8 19. Nd4 Nxd5 20. Nxc6+ Qxc6 21.
Qxd5 gxh3 22. Qxc6 bxc6 23. Bxh6 Rg8 24. Kh2 hxg2 25. Bg5+ Rxg5 26. Rg1 Bxf2 0-1

[Event "Challenge"]
[Site "http://www.queenalice.com/game.php?id=1852567"]
[Date "2025.2.21"]
[Round "-"]
[White "marcomasa"]
[Black "Danado"]
[Result "1-0"]
[WhiteElo "2079"]
[BlackElo "1645"]

1. e4 e5 2. Bc4 Bc5 3. Nf3 Qf6 4. Nc3 Ne7 5. d3 Bb4 6. Bd2 h6 7. a3 Bxc3 8. Bxc3
d6 9. Qe2 Be6 10. d4 exd4 11. Bxd4 Nec6 12. Bxf6 1-0

[Event "Challenge"]
[Site "http://www.queenalice.com/game.php?id=1852663"]
[Date "2025.2.22"]
[Round "-"]
[White "maurice916"]
[Black "marcomasa"]
[Result "0-1"]
[WhiteElo "1945"]
[BlackElo "2092"]

1. Nf3 Nc6 2. d4 d5 3. Bf4 Bf5 4. c3 Nf6 5. Nbd2 h6 6. h3 g5 7. Bh2 Bg7 8. e3
Qd7 9. Bb5 a6 10. Ba4 b5 11. Bc2 Bh7 12. Nb3 Ne4 13. Bd3 Na7 14. Bxe4 Bxe4 15.
Nc5 Qc6 16. Nxe4 dxe4 17. Ne5 Bxe5 18. Bxe5 f6 19. Bh2 Nc8 20. Qh5+ Kd8 21. O-O
Nd6 22. Rac1 Kd7 23. b3 f5 24. Qe2 h5 25. Be5 Rh7 26. c4 b4 27. d5 Qb7 28. c5
Qxd5 29. Bxd6 exd6 30. Rfd1 Qg8 31. cxd6 cxd6 32. Rd4 h4 33. Rxb4 g4 34. Rb7+
Kd8 35. Rxh7 Qxh7 36. hxg4 h3 37. gxh3 Qxh3 38. gxf5 Kd7 39. f3 Rg8+ 40. Kf2
Qg3+ 41. Kf1 Qg1# 0-1

[Event "Challenge"]
[Site "http://www.queenalice.com/game.php?id=1852748"]
[Date "2025.2.24"]
[Round "-"]
[White "marcomasa"]
[Black "Danado"]
[Result "1-0"]
[WhiteElo "2100"]
[BlackElo "1674"]

1. e4 e5 2. Bc4 Nf6 3. Nc3 h6 4. Nf3 d6 5. h3 a6 6. d3 Be6 7. Bxe6 fxe6 8. Qe2
Nc6 9. a3 Qd7 10. Bd2 d5 11. exd5 Nd4 12. Nxd4 exd4 13. dxe6 Qc6 14. Ne4 Nxe4
15. dxe4 Qxc2 16. b4 O-O-O 17. O-O Qc6 18. Qg4 Be7 19. Rfc1 Qd6 20. Bf4 Qb6 21.
Bxc7 Qxc7 22. Rxc7+ Kxc7 23. Qxg7 Rhe8 24. a4 Kd6 25. Qxh6 Kc7 26. Rb1 Kd6 27.
a5 Rc8 28. b5 Rc5 29. bxa6 bxa6 30. Rb6+ Rc6 31. Qf4+ Kc5 32. Qe5+ Kc4 33. Qd5+
Kd3 34. Rxc6 1-0

[Event "Challenge"]
[Site "http://www.queenalice.com/game.php?id=1852749"]
[Date "2025.2.24"]
[Round "-"]
[White "Danado"]
[Black "marcomasa"]
[Result "0-1"]
[WhiteElo "1660"]
[BlackElo "2116"]

1. e4 e5 2. Nf3 Nc6 3. a3 Bc5 4. h3 Nf6 5. Nc3 a6 6. Bc4 d6 7. Ng5 Rf8 8. Bxf7+
Rxf7 9. Nxf7 Kxf7 10. Qf3 Nd4 11. Qd3 Be6 12. b4 Ba7 13. Bb2 b5 14. Nd5 c6 15.
Nxf6 Qxf6 16. Bxd4 exd4 17. O-O Bc4 18. Qc3 dxc3 19. d3 Be6 20. a4 Bd4 21. a5
Qg6 22. Kh2 Ke7 23. f3 Rf8 24. Rae1 Be5+ 25. Kh1 Qg3 26. f4 Bxf4 0-1

[Event "Challenge"]
[Site "http://www.queenalice.com/game.php?id=1853003"]
[Date "2025.2.26"]
[Round "-"]
[White "jogo"]
[Black "marcomasa"]
[Result "1-0"]
[WhiteElo "1956"]
[BlackElo "2117"]

1. e4 e5 2. Nf3 Nc6 3. Bb5 Qf6 4. c3 a6 5. Ba4 b5 6. Bb3 Bc5 7. d4 exd4 8. cxd4
Ba7 9. e5 Qe7 10. Nc3 Bb7 11. O-O O-O-O 12. Nd5 Qf8 13. Re1 Nb4 14. Nxb4 Qxb4
15. Bd2 Qe7 16. Bg5 Qf8 17. Bxd8 Kxd8 18. Ng5 Nh6 19. Rc1 f6 20. exf6 Qxf6 21.
Qc2 c6 22. Ne4 Qxd4 23. Qc3 d5 24. Qxd4 Bxd4 25. Ng5 Bxb2 26. Rb1 Ba3 27. Ne6+
Kc8 28. Nxg7 Kc7 29. Ne6+ Kb6 30. Nd4 Rg8 31. Re6 Nf7 32. Nc2 Bc5 33. Bxd5 Rd8
34. Bb3 Ng5 35. Re2 Rd7 36. h4 Nf7 37. Ne1 Nh6 38. Rd1 Rg7 39. Nd3 Ba3 40. Ne5
Bc8 41. Rd8 Bb7 42. Rd7 Rg8 43. Bxg8 Nf5 44. g3 h6 45. Bh7 Bc8 46. Bxf5 Bxd7 47.
Bxd7 1-0

[Event "Challenge"]
[Site "http://www.queenalice.com/game.php?id=1853004"]
[Date "2025.2.26"]
[Round "-"]
[White "marcomasa"]
[Black "jogo"]
[Result "1-0"]
[WhiteElo "2109"]
[BlackElo "1950"]

1. e4 e5 2. Bc4 Nf6 3. Nc3 c6 4. Nf3 d5 5. exd5 cxd5 6. Bb3 d4 7. Nb1 e4 8. Ng5
Bg4 9. Bxf7+ Kd7 10. f3 exf3 11. gxf3 Bf5 12. d3 h6 13. Ne4 Nxe4 14. dxe4 Qh4+
15. Ke2 Be6 16. Qxd4+ Bd6 17. Bxe6+ Kxe6 18. Qd5+ Kd7 19. Be3 Nc6 20. Na3 Qe7
21. Nc4 Nb4 22. Qxb7+ Ke6 23. Qb5 g6 24. c3 a6 25. Qa5 Nc6 26. Qd5+ Kd7 27. Nb6+
Kc7 28. Qc4 Qe8 29. Nxa8+ Qxa8 30. b4 Kd7 31. Rad1 Re8 32. Bxh6 Ne5 33. Qd4 Nf7
34. Bf4 Qc6 35. c4 g5 36. Bg3 Kc7 37. Rhg1 Bxg3 38. Rxg3 Rd8 39. Qc3 Rxd1 40.
Kxd1 Qa4+ 41. Qb3 Qd7+ 42. Ke2 Kb7 43. f4 gxf4 44. Rg7 1-0

[Event "Challenge"]
[Site "http://www.queenalice.com/game.php?id=1853007"]
[Date "2025.2.26"]
[Round "-"]
[White "marcomasa"]
[Black "maurice916"]
[Result "1-0"]
[WhiteElo "2102"]
[BlackElo "1930"]

1. e4 c6 2. Bc4 d5 3. exd5 cxd5 4. Bb3 Nf6 5. d4 g6 6. Nf3 Bg7 7. Bf4 O-O 8. Nc3
Bg4 9. Qe2 e6 10. h3 Bxf3 11. Qxf3 Nc6 12. O-O-O Rc8 13. g4 Na5 14. h4 Nxb3+ 15.
axb3 Qa5 16. h5 Ne4 17. Nxe4 dxe4 18. Qxe4 Rfd8 19. hxg6 fxg6 20. Qxe6+ Kh8 21.
Qxg6 Qa1+ 22. Kd2 Rxd4+ 23. Ke3 Rxd1 24. Qxh7# 1-0

[Event "Challenge"]
[Site "http://www.queenalice.com/game.php?id=1853019"]
[Date "2025.2.27"]
[Round "-"]
[White "maurice916"]
[Black "marcomasa"]
[Result "0-1"]
[WhiteElo "1933"]
[BlackElo "2101"]

1. Nf3 Nc6 2. b3 e5 3. e4 Bc5 4. Bb2 d6 5. Bb5 Bd7 6. O-O a6 7. Bxc6 Bxc6 8. d4
exd4 9. Nxd4 Bxd4 10. Bxd4 f6 11. f3 Qe7 12. Nd2 O-O-O 13. Nc4 h5 14. Na5 Qd7
15. Nxc6 Qxc6 16. c4 Nh6 17. Rc1 Rh7 18. Qc2 Rf8 19. e5 f5 20. e6 g5 21. Rfe1
Re7 22. b4 g4 23. Be3 Rxe6 24. Bxh6 Rxh6 25. fxg4 fxg4 26. Qd2 Rg6 27. Qd3 Rfg8
28. b5 axb5 29. cxb5 Qb6+ 30. Kh1 h4 31. a4 h3 32. gxh3 g3 33. Qf5+ Kb8 34. hxg3
Rxg3 35. Ra1 Qd4 36. a5 Qh4 37. Kh2 Rg2+ 38. Kh1 Qg3 39. a6 Qh2# 0-1

[Event "Challenge"]
[Site "http://www.queenalice.com/game.php?id=1853239"]
[Date "2025.3.4"]
[Round "-"]
[White "marcomasa"]
[Black "maurice916"]
[Result "1-0"]
[WhiteElo "2091"]
[BlackElo "1977"]

1. e4 c6 2. Bc4 d5 3. exd5 cxd5 4. Bb3 Nf6 5. d4 Bf5 6. Nf3 Nc6 7. Nc3 h6 8. Bf4
e6 9. Qe2 Qb6 10. Qd2 Bb4 11. a3 Be7 12. h3 Ne4 13. Nxe4 dxe4 14. Nh2 Qxd4 15.
Qe2 Qxb2 16. O-O Bf6 17. Qb5 O-O 18. Qxb7 Na5 19. Qb5 Nxb3 20. cxb3 a6 21. Qc4
Rfc8 22. Qb4 a5 23. Qb5 a4 24. b4 Bg6 25. Ng4 Bc3 26. Rfb1 Qc2 27. Ne3 Qd3 28.
Qxd3 exd3 29. Ra2 d2 30. Rd1 e5 31. Bg3 f5 32. Nd5 f4 33. Ne7+ Kf7 34. Nxc8 Rxc8
35. Bh4 Bd3 36. f3 Bd4+ 37. Kh2 Be3 38. Raxd2 Bxd2 39. Rxd2 e4 40. fxe4 Bxe4 41.
Rd4 g5 42. Rxe4 gxh4 43. Rxf4+ Kg6 44. Rxh4 h5 45. b5 Rb8 46. Rb4 Rb6 47. Kg3
Kg5 48. h4+ Kf5 49. Kf3 Ke5 50. g3 Kd5 51. Kf4 Kc5 52. Kg5 Re6 53. b6 Re8 54. b7
Rb8 55. Kxh5 1-0

[Event "Challenge"]
[Site "http://www.queenalice.com/game.php?id=1853375"]
[Date "2025.3.6"]
[Round "-"]
[White "Danado"]
[Black "marcomasa"]
[Result "0-1"]
[WhiteElo "1661"]
[BlackElo "2111"]

1. e4 e5 2. Nf3 Nc6 3. d4 exd4 4. Bc4 d6 5. Ng5 Nh6 6. Qf3 Ne5 7. Qb3 Qf6 8. f3
Nxc4 9. Qxc4 c6 10. Bf4 Be6 11. Qd3 Qxf4 12. Nxe6 fxe6 13. Nd2 Qf6 14. O-O-O Be7
15. Kb1 O-O 16. Nb3 e5 17. Rhf1 a5 18. Qd2 b6 19. Rf2 Qe6 20. h3 a4 21. Nc1 c5
22. g3 b5 23. Nd3 b4 24. Rdf1 b3 25. a3 Rfb8 26. c3 dxc3 27. Qxc3 Qxh3 28. g4
Qh4 29. Qe1 Bd8 30. Rh1 Qg5 31. Rfh2 Qg6 32. Nf2 c4 33. Nd1 Ba5 34. Nc3 Ra7 35.
Qc1 Bxc3 36. Qxc3 Rc8 37. Rh5 Nxg4 38. fxg4 Qxg4 39. Rxh7 Qxe4+ 40. Kc1 Qf5 41.
Rh8+ Kf7 42. Rxc8 Qxc8 43. Qf3+ Ke7 44. Qe3 Qc5 45. Qg5+ Ke6 46. Qg6+ Kd5 47.
Rd1+ Kc6 48. Qe8+ Rd7 49. Qa8+ Rb7 50. Qxa4+ Kc7 51. Rd3 cxd3+ 0-1

[Event "Challenge"]
[Site "http://www.queenalice.com/game.php?id=1853460"]
[Date "2025.3.7"]
[Round "-"]
[White "marcomasa"]
[Black "Danado"]
[Result "1-0"]
[WhiteElo "2110"]
[BlackElo "1679"]

1. e4 e5 2. Bc4 Nf6 3. Nc3 Nc6 4. Nf3 Bc5 5. h3 h6 6. a3 d6 7. Qe2 Be6 8. Bxe6
fxe6 9. d3 d5 10. exd5 exd5 11. b4 Bd6 12. Bb2 a6 13. Na2 Qd7 14. c3 O-O-O 15.
O-O e4 16. Nd4 Nxd4 17. cxd4 Rhf8 18. dxe4 Nxe4 19. Nc3 Nf6 20. f3 Nh5 21. Qc2
Rde8 22. Nxd5 Kb8 23. Qb3 Qf7 24. b5 Ng3 25. Rf2 Ne2+ 26. Kf1 Ng3+ 27. Kg1 Ne2+
28. Kf1 Nf4 29. bxa6 c6 30. a7+ Ka8 31. Nb6+ Kxa7 32. Qxf7 Rxf7 33. Nc4 Bc7 34.
a4 Nd3 35. Rd2 Nf4 36. a5 Ka6 37. Bc3 b5 38. axb6+ Kb7 39. Ra7+ Kc8 40. Nd6+
Bxd6 41. Rxf7 Nh5 42. Ra2 Nf6 43. Ra8+ Bb8 44. Rc7+ 1-0

[Event "Challenge"]
[Site "http://www.queenalice.com/game.php?id=1854176"]
[Date "2025.3.18"]
[Round "-"]
[White "maurice916"]
[Black "marcomasa"]
[Result "0-1"]
[WhiteElo "1960"]
[BlackElo "2071"]

1. Nf3 Nc6 2. b3 e5 3. d3 Bc5 4. Bb2 d6 5. e4 Nf6 6. h3 Be6 7. Nbd2 Qe7 8. Be2
h6 9. O-O g5 10. Nh2 h5 11. Nhf3 g4 12. Ng5 gxh3 13. Nxe6 Qxe6 14. Bf3 O-O-O 15.
g3 Rdg8 16. Kh2 h4 17. g4 Nxg4+ 18. Bxg4 Rxg4 19. Rg1 Rhg8 20. Qe2 Rg2+ 21. Kh1
Qg6 22. Nf3 h2 23. Nxh4 hxg1=Q+ 24. Rxg1 Rxg1+ 25. Kh2 Qh6 26. f4 Qxh4# 0-1

[Event "Challenge"]
[Site "http://www.queenalice.com/game.php?id=1854189"]
[Date "2025.3.19"]
[Round "-"]
[White "jogo"]
[Black "marcomasa"]
[Result "1-0"]
[WhiteElo "1844"]
[BlackElo "2116"]

1. e4 e5 2. d4 exd4 3. Qxd4 Nc6 4. Qe3 b6 5. a3 Bb7 6. f4 Bc5 7. Qg3 Bd4 8. Nf3
g6 9. Nxd4 Nxd4 10. Qc3 c5 11. Bd3 Qe7 12. O-O Nf6 13. Be3 Qd6 14. e5 Qc6 15.
Qd2 Ng4 16. Bxd4 cxd4 17. Qe2 Ne3 18. Rf2 h5 19. c3 h4 20. Nd2 Ng4 21. Be4 Qc7
22. Qxg4 dxc3 23. Rc1 Bc8 24. Bxa8 Qb8 25. Rxc3 Qxa8 26. Ne4 d5 27. Rxc8+ Ke7
28. Rxa8 1-0

[Event "Challenge"]
[Site "http://www.queenalice.com/game.php?id=1854191"]
[Date "2025.3.19"]
[Round "-"]
[White "marcomasa"]
[Black "jogo"]
[Result "1-0"]
[WhiteElo "2112"]
[BlackElo "1849"]

1. e4 e5 2. Bc4 Nf6 3. Nc3 c6 4. Nf3 d5 5. exd5 cxd5 6. Bb5+ Bd7 7. Bxd7+ Nbxd7
8. Qe2 Bd6 9. d3 h6 10. Bd2 O-O 11. h3 a6 12. g4 Re8 13. Nh4 e4 14. d4 b5 15.
Nf5 Bf8 16. g5 hxg5 17. Bxg5 b4 18. Nxd5 g6 19. Rg1 Bg7 20. h4 gxf5 21. Bh6 Nxd5
22. Bxg7 Nf8 23. Bf6+ Ng6 24. Bxd8 Rexd8 25. h5 Nf4 26. Qe3 Nxh5 27. Qh6 Ng7 28.
O-O-O Rd6 29. Rg2 Rad8 30. Rh1 Rxd4 31. Rgh2 Kf8 32. Qg5 1-0

[Event "Challenge"]
[Site "http://www.queenalice.com/game.php?id=1854358"]
[Date "2025.3.22"]
[Round "-"]
[White "marcomasa"]
[Black "Danado"]
[Result "1-0"]
[WhiteElo "2095"]
[BlackElo "1685"]

1. e4 e5 2. Bc4 Nc6 3. Nf3 h6 4. Nc3 d6 5. d3 Nd4 6. Nxd4 exd4 7. Ne2 Nf6 8.
Nxd4 c6 9. a4 c5 10. Nb5 a6 11. Nc3 Be6 12. Bxe6 fxe6 13. Qe2 e5 14. Bd2 Qb6 15.
b3 Be7 16. a5 Qc7 17. h3 O-O 18. g4 b6 19. Nd1 b5 20. Ne3 Rad8 21. Nf5 b4 22. g5
hxg5 23. Bxg5 Rf7 24. h4 Nh5 25. Qxh5 Bxg5 26. Qxg5 Rf6 27. h5 Kh7 28. Rg1 Rg8
29. h6 Qf7 30. hxg7 1-0

[Event "Challenge"]
[Site "http://www.queenalice.com/game.php?id=1854374"]
[Date "2025.3.23"]
[Round "-"]
[White "Danado"]
[Black "marcomasa"]
[Result "1-0"]
[WhiteElo "1646"]
[BlackElo "2097"]

1. e3 e5 2. Nc3 Bc5 3. Nf3 Nc6 4. Bc4 Nf6 5. Ng5 d5 6. Bb3 h6 7. Nf3 e4 8. Nd4
Nxd4 9. exd4 Bxd4 10. h3 c6 11. Qe2 Bf5 12. d3 Bxc3+ 13. bxc3 Qe7 14. Qe3 Bh7
15. d4 a5 16. a4 Bg6 17. c4 Qe6 18. c5 Bh7 19. Rb1 Qe7 20. Ba2 Qd7 21. O-O g5
22. Qg3 O-O-O 23. Qe3 Rdg8 24. Qb3 h5 25. Qb6 Qc7 26. Qxc7+ Kxc7 27. Bd2 Ra8 28.
f3 1-0

[Event "Challenge"]
[Site "http://www.queenalice.com/game.php?id=1854513"]
[Date "2025.3.26"]
[Round "-"]
[White "jogo"]
[Black "marcomasa"]
[Result "0-1"]
[WhiteElo "1742"]
[BlackElo "2087"]

1. e4 e5 2. Nf3 Nc6 3. Bb5 Bd6 4. c3 a6 5. Ba4 b5 6. Bc2 Bb7 7. d4 h6 8. dxe5
Nxe5 9. Nxe5 Bxe5 10. f4 Bf6 11. O-O g6 12. e5 Bg7 13. Qe2 Qe7 14. a3 h5 15. Be3
Nh6 16. h3 Nf5 17. Bxf5 gxf5 18. Nd2 h4 19. b4 Rg8 20. Nb3 Bxe5 21. fxe5 Rxg2+
22. Qxg2 Bxg2 23. Kxg2 Qxe5 24. Rf3 O-O-O 25. Bf2 Qe4 26. Re1 Rg8+ 0-1

[Event "Challenge"]
[Site "http://www.queenalice.com/game.php?id=1854514"]
[Date "2025.3.26"]
[Round "-"]
[White "marcomasa"]
[Black "jogo"]
[Result "1-0"]
[WhiteElo "2089"]
[BlackElo "1738"]

1. e4 e5 2. Bc4 Bc5 3. d3 h6 4. Nf3 d6 5. Nc3 Nf6 6. h3 O-O 7. Qe2 a6 8. a3 b5
9. Ba2 Re8 10. Be3 Bxe3 11. Qxe3 Be6 12. g4 Nh7 13. Kd2 Ng5 14. Rag1 Nxf3+ 15.
Qxf3 Bxa2 16. Nxa2 c5 17. h4 g5 18. hxg5 Qxg5+ 19. Ke2 Nc6 20. c3 Nd8 21. Rh5
Qg6 22. Rgh1 Qe6 23. Rxh6 f6 24. Rh8+ Kf7 25. R1h7+ Kg6 26. Qh3 1-0

[Event "Challenge"]
[Site "http://www.queenalice.com/game.php?id=1854743"]
[Date "2025.3.31"]
[Round "-"]
[White "marcomasa"]
[Black "Danado"]
[Result "1-0"]
[WhiteElo "2085"]
[BlackElo "1671"]

1. e4 e5 2. Bc4 Nf6 3. Nc3 a6 4. Nf3 d6 5. d3 h6 6. Qe2 Nc6 7. a3 Be6 8. Bxe6
fxe6 9. Be3 d5 10. exd5 exd5 11. Bd2 Qd6 12. h3 O-O-O 13. b4 Na7 14. O-O Nb5 15.
Nxe5 Rd7 16. Nxd7 Kxd7 17. Nxb5 axb5 18. a4 Qa6 19. axb5 Qxb5 20. Ra5 Qb6 21. c3
Qe6 22. Qd1 Qf5 23. Qa4+ c6 24. Ra7 Ke8 25. Rxb7 Qc8 26. Qa7 Bd6 27. Re1+ Ne4
28. dxe4 d4 29. e5 1-0

[Event "Challenge"]
[Site "http://www.queenalice.com/game.php?id=1854748"]
[Date "2025.3.31"]
[Round "-"]
[White "Danado"]
[Black "marcomasa"]
[Result "0-1"]
[WhiteElo "1673"]
[BlackElo "2083"]

1. e3 e5 2. Nc3 Bc5 3. Bc4 Nc6 4. Nf3 Nf6 5. h3 h6 6. O-O d6 7. Nd5 Nxd5 8. Bxd5
Bd7 9. c4 Qf6 10. d4 Bb6 11. dxe5 dxe5 12. e4 g5 13. Bxc6 Bxc6 14. Re1 Bd7 15.
Qd2 O-O-O 16. Qe2 g4 17. hxg4 Bxg4 18. Qc2 a6 19. Be3 Bxf3 20. gxf3 Rdg8+ 21.
Kf1 Qxf3 22. Bxb6 Rg6 23. Be3 Rhg8 0-1

[Event "Challenge"]
[Site "http://www.queenalice.com/game.php?id=1855064"]
[Date "2025.4.6"]
[Round "-"]
[White "Danado"]
[Black "marcomasa"]
[Result "0-1"]
[WhiteElo "1631"]
[BlackElo "2102"]

1. e4 e5 2. Nf3 Nc6 3. a3 Bc5 4. Bc4 Nf6 5. d3 d6 6. h3 h6 7. Nh4 Qe7 8. Nf5
Bxf5 9. Bb5 Bd7 10. Bxc6 Bxc6 11. O-O O-O-O 12. Qf3 Rdg8 13. Nc3 g5 14. b4 Bd4
15. Bb2 g4 16. hxg4 Rxg4 17. Rab1 Rhg8 18. Ne2 Bb6 19. g3 Nh5 20. Kg2 Nf4+ 21.
Nxf4 exf4 22. Rh1 fxg3 23. fxg3 Qg5 24. Bc3 Rxg3+ 0-1